000 00407nam a2200133Ia 4500
003 GCL
008 140319s9999 xx 000 0 ara d
040 _aGCL /
_cGCL
082 0 4 _a414.1ب ت
100 1 _aبسيونى عبدالفتاح فيود
245 1 0 _aالتشويق فى الحديث النبوى طرقه واغراضه /
_cبسيونى عبدالفتاح فيود
300 _a142 ص
490 _a
999 _c37804
_d37804